Physics. (Record no. 1674)

MARC details
000 -LEADER
fixed length control field 01441nac a22003131ib4500
003 - CONTROL NUMBER IDENTIFIER
control field EG-ScBUE
005 - DATE AND TIME OF LATEST TRANSACTION
control field 20250320103426.0
008 - FIXED-LENGTH DATA ELEMENTS--GENERAL INFORMATION
fixed length control field 250312t1981 caua f 001 0 eng d
020 ## - INTERNATIONAL STANDARD BOOK NUMBER
International Standard Book Number 0816272840 (volume 1)
040 ## - CATALOGING SOURCE
Original cataloging agency EG-ScBUE
Language of cataloging eng
Description conventions rda
Transcribing agency EG-ScBUE
Modifying agency EG-ScBUE
082 04 - DEWEY DECIMAL CLASSIFICATION NUMBER
Classification number 530
Item number ROL
Edition number 22
100 1# - MAIN ENTRY--PERSONAL NAME
Personal name Roller, Duane Emerson,
Relator term author.
245 10 - TITLE STATEMENT
Title Physics.
Number of part/section of a work volume 1,
Name of part/section of a work Mechanics, waves, and thermodyamics /
Statement of responsibility, etc Duane E. Roller, late professor of physics, Harvey Mudd college, Ronald Blum academic coordinator, Maryland state universities and colleges ; with the special editorial assistance of Sumner Davis, professor of physics, university of California, Berkeley, Anthony J. Buffa, professor of physics, California polytechnic state university, San Luis Obispo.
246 30 - VARYING FORM OF TITLE
Title proper/short title Mechanics, waves, and thermodyamics
264 #1 - PUBLICATION, DISTRIBUTION, ETC. (IMPRINT)
Place of publication, distribution, etc San Francisco, California :
Name of publisher, distributor, etc Holden-Day,
Date of publication, distribution, etc [1981]
264 #4 - PUBLICATION, DISTRIBUTION, ETC. (IMPRINT)
Date of publication, distribution, etc c1981
300 ## - PHYSICAL DESCRIPTION
Extent 1 volume (xv, 818 pages) :
Other physical details illustrations ;
Dimensions 27 cm
336 ## - CONTENT TYPE
Source rdacontent
Content type term text
Content type code txt
337 ## - MEDIA TYPE
Media type term unmediated
Source rdamedia
Media type code n
338 ## - CARRIER TYPE
Carrier type term volume
Carrier type code nc
Source rdacarrier
500 ## - GENERAL NOTE
General note Includes index.
505 1# - FORMATTED CONTENTS NOTE
Formatted contents note Volume 1. Mechanics, waves, and thermodynamics -- volume 2. Electricity, magnetism, and light.
650 #7 - SUBJECT ADDED ENTRY--TOPICAL TERM
Topical term or geographic name as entry element Physics.
Source of heading or term BUEsh
655 ## - INDEX TERM--GENRE/FORM
Form subdivision Reading book
700 1# - ADDED ENTRY--PERSONAL NAME
Personal name Blum, Ronald,
Dates associated with a name 1933-
Relator term author.
700 1# - ADDED ENTRY--PERSONAL NAME
Personal name Davis, Sumner P.,
Relator term editor.
700 1# - ADDED ENTRY--PERSONAL NAME
Personal name Buffa, Anthony J.,
Relator term editor.
942 ## - ADDED ENTRY ELEMENTS (KOHA)
Koha item type Book - Borrowing
Source of classification or shelving scheme Dewey Decimal Classification
Holdings
Withdrawn status Lost status Source of classification or shelving scheme Damaged status Not for loan Collection code Home library Current library Shelving location Date acquired Source of acquisition Total Checkouts Full call number Barcode Date last seen Price effective from Koha item type
    Dewey Decimal Classification     Baccah Central Library Central Library First floor 04/12/2006 Purchase   530 ROL 000002667 15/07/2025 04/12/2006 Book - Borrowing